000 00731nam a2200217Ia 4500
001 9789
003 GE_BSU
008 181216s||||||||xx |||||||||||||| ||und||
020 _a9789994034758
040 _cGE_BSU
080 _a821.353.1–32
245 _aმე–20 საუკუნის ქართული მოთხრობის ანთოლოგია
245 _cშემდგ.თამაზ ვასაძე
260 _aთბილისი
260 _bგია ქარჩხაძის გამ–ბა
260 _c2007
300 _a686გვ.23სმ.
541 _h20ლ.
653 _aქართული მოთხრობის ანთოლოგია
942 _cBK
999 _c43069
_d43069